[Event "76th ARM-ch Women 2021"]
[Site "Yerevan"]
[Date "2021.02.19"]
[Round "4.1"]
[White "Hakobyan, Astghik"]
[Black "Arakelyan, Nare"]
[Result "1-0"]
[WhiteElo "1820"]
[BlackElo "1953"]
[Annotator "TA"]
[PlyCount "105"]
[EventDate "2021.02.16"]
[EventType "tourn"]
[EventCountry "ARM"]
[SourceTitle "playchess.com"]
[Source "ChessBase"]
[SourceQuality "1"]

{[%evp 20,105,38,13,12,21,52,44,34,40,88,53,65,53,64,57,93,71,61,19,29,29,24,29,95,94,146,158,175,158,179,110,123,87,100,98,300,116,288,234,342,265,408,425,412,380,408,417,343,251,292,274,237,229,329,356,434,433,399,217,233,206,191,0,210,209,300,204,259,99,830,709,672,600,29967,29970,29969,29971,29968,29968,29986,29987,29994,29995,29995,29996,29996,29997]} 1. e4 c5 2. Nf3 d6 3. d4 cxd4 4. Nxd4 Nf6 5. Nc3 a6 6. Be3 Ng4 7. Bg5 h6 8. Bh4 g5 9. Bg3 Bg7 10. h3 Ne5 11. Be2 Nbc6 {And now ...Nxd4 would win. B90: Sicilian Najdorf: Unusual White 6th moves, 6 Be3 Ng4 and 6 Be3 e5.} 12. Nb3 Be6 13. Nd5 Rc8 {White is slightly better.} 14. c3 O-O 15. O-O Ng6 {[#]} 16. a4 $146 ({Predecessor:} 16. Qd2 a5 17. a4 Bxd5 18. exd5 Qb6 19. Ra3 Nce5 20. Qe3 {½-½ (20) Ojeda,J (2395)-Hall,G (2236) ICCF email 2008}) 16... Nce5 17. Nd4 Nc4 18. Bxc4 Rxc4 19. Qb3 Bxd5 20. exd5 Qc8 {[#]} 21. Nf5 h5 {[#]} (21... Re4 $11 22. f3 Re2 23. Nxg7 Kxg7) 22. Rae1 $1 $16 Bf6 (22... h4 $142) 23. Ne3 $1 {[%cal Re3c4]} Rc5 {[#]} 24. f4 $1 b5 25. a5 (25. Qd1 $18) 25... Qb7 26. Qb4 Rfc8 27. Qe4 b4 $2 (27... gxf4 $16 {is a better defense.} 28. Bxf4 Rc4 29. Nxc4 Rxc4) 28. c4 $2 ({Stronger than} 28. Qxb4 Qxb4 29. cxb4 Rb5 $15) (28. cxb4 $18 {and White stays clearly on top.} Rb5 29. fxg5 {[%mdl 64] Discovered Attack} Bxg5 30. Qf5 {[%mdl 64] Double Attack} Bxe3+ 31. Rxe3) 28... Qd7 $2 (28... Rxa5 $2 29. fxg5 Bxg5 30. Nf5 $18) (28... gxf4 $16 29. Bxf4 Bxb2) 29. b3 h4 (29... gxf4 $142 30. Bxf4 Rxa5) 30. Bh2 Rxa5 (30... Bc3 $142 31. Re2 Rxa5 32. fxg5 Ra1 33. Rxa1 Bxa1) 31. Ng4 $18 Bc3 32. Nh6+ Kg7 33. fxg5 Rf8 34. Re2 Ra1 35. Rxa1 Bxa1 36. Nf5+ Kh7 (36... Kg8 $142 37. Kh1 (37. Nxh4 Nxh4 38. Qxh4 e5 $18) (37. Nxe7+ Nxe7 38. Qxe7 Bd4+ 39. Kh1 Qxe7 $16) 37... Bc3) 37. Nxh4 Re8 38. Nxg6 fxg6 39. Rf2 (39. h4 $142) 39... e6 {If only Black now had time for ...exd5....} 40. Qh4+ $40 {[%mdl 128] Black is in trouble.} Kg8 {intending ...exd5.} 41. Qe4 (41. Qg4 $18) 41... Kg7 $2 (41... Kh7 $11 {and Black is okay.}) 42. Rf1 Bc3 (42... exd5 {was worth a try.} 43. Qxd5 Be5) 43. h4 a5 {[#]} 44. Qf3 $2 (44. c5 $1 $18 {[%cal Rc5d6] is more deadly.}) 44... Qe7 {[%mdl 8192] [#]} (44... exd5 $16 45. cxd5 (45. Qxd5 Qe6 $16) 45... Qf5) 45. Bxd6 $1 {[%mdl 512]} Qa7+ (45... Qd7 46. Bf8+) 46. Kh1 {Black must now prevent dxe6.} Rh8 47. Bf8+ {White mates.} Kg8 48. Bh6 Bg7 49. dxe6 Bxh6 50. gxh6 Qe7 51. Qa8+ {[%mdl 64] Double Attack} Kh7 52. Rf7+ Qxf7 {[#]} 53. Qxh8+ $1 {[%mdl 576] Promotion.  Weighted Error Value: White=0.35/Black=0.52} 1-0

[Event "76th ARM-ch Women 2021"]
[Site "Yerevan"]
[Date "2021.02.19"]
[Round "4.2"]
[White "Ghukasyan, Siranush"]
[Black "Khachatryan, Veronika"]
[Result "1/2-1/2"]
[WhiteElo "2222"]
[BlackElo "1767"]
[Annotator "TA"]
[PlyCount "61"]
[EventDate "2021.02.16"]
[EventType "tourn"]
[EventCountry "ARM"]
[SourceTitle "playchess.com"]
[Source "ChessBase"]
[SourceQuality "1"]

{[%evp 9,61,8,30,-9,-18,-18,-15,-10,-18,-18,-10,-15,-12,-6,-25,-29,-7,-12,-12,-25,-19,-31,-29,-43,-35,-27,-17,-32,-23,-20,-23,-76,0,0,0,0,4,-69,8,0,18,12,11,0,0,0,0,-14,-16,-100,0,0,28,-20]} 1. e4 c5 2. Nc3 Nc6 3. Bb5 Nd4 4. Nf3 a6 5. Bd3 Nc6 6. b3 {B23: Closed Sicilian: Lines without g3.} g6 7. Bb2 Bg7 8. O-O {The position is equal.} d6 9. Re1 {[#]} Nf6 $146 ({Predecessor:} 9... e6 10. e5 d5 11. Bf1 Nge7 12. Na4 b6 13. d4 cxd4 14. Nxd4 Bd7 15. Nf3 O-O {1-0 (33) Demchenko,A (2671)-Czerw,D (2317) Teplice 2019}) 10. Bf1 Bg4 11. h3 Bxf3 12. Qxf3 Nd4 13. Qd1 O-O 14. Ne2 Nc6 15. Ng3 Qc7 16. f4 e5 17. f5 Rad8 18. c4 Nd4 19. d3 Qd7 20. Be2 (20. Qd2 $11) 20... b5 ({Black should try} 20... Bh6 $17) 21. Rf1 $11 bxc4 22. bxc4 Rb8 23. Bc3 ({Better is} 23. Bc1 $11) 23... Rb7 (23... Bh6 $1 $15) 24. Qd2 Qa4 25. Rab1 Rfb8 26. Rxb7 Rxb7 27. Bd1 Qa3 28. Ne2 Rb1 29. Kh2 {[#]} (29. Ng3 $1 $11 {keeps the balance.}) 29... Nd7 ({Avoid the trap} 29... Rxd1 $2 30. Rxd1 Nxe2 31. Bb2 $18) ({Black should play} 29... Nh5 $1 $17 30. h4 Nf4) 30. Ng3 Qc1 31. Qxc1 {Weighted Error Value: White=0.20/Black=0.18} 1/2-1/2

[Event "76th ARM-ch Women 2021"]
[Site "Yerevan"]
[Date "2021.02.19"]
[Round "4.3"]
[White "Gevorgyan, Maria"]
[Black "Mkrtchyan, Mariam"]
[Result "0-1"]
[WhiteElo "2228"]
[BlackElo "2075"]
[Annotator "TA"]
[PlyCount "126"]
[EventDate "2021.02.16"]
[EventType "tourn"]
[EventCountry "ARM"]
[SourceTitle "playchess.com"]
[Source "ChessBase"]
[SourceQuality "1"]

{[%evp 14,126,14,-7,-12,-14,-13,-18,16,0,0,0,-8,-46,3,0,0,0,0,0,8,0,0,7,38,31,38,21,13,16,50,6,1,2,35,14,33,0,0,-4,0,-27,-33,-263,-264,-248,-259,-294,-296,-294,-282,-279,-279,-344,-341,-334,-281,-263,-283,-279,-279,-269,-267,-404,-386,-483,-511,-507,-507,-508,-507,-512,-514,-800,-814,-821,-821,-817,-806,-766,-739,-822,-752,-1364,-1364,-4190,-3323,-2721,-2591,-2524,-2304,-1841,-1764,-2521,-1472,-3990,-2365,-29976,-29964,-29974,-2629,-2227,-1775,-5700,-1982,-29978,-29979,-29982,-29983,-29986,-29987,-29988,-29989,-29989,-29988]} 1. e4 c6 2. d4 d5 3. exd5 cxd5 4. Bd3 Nc6 5. c3 Qc7 6. Ne2 Bg4 7. f3 {7.f3 was played by the boomers.} Bd7 8. Bf4 e5 {B13: Caro-Kann: Exchange Variation and Panov-Botvinnik Attack.} 9. dxe5 Nxe5 10. Na3 a6 {The position is equal.} (10... Bxa3 $5 11. bxa3 f6 $11) 11. O-O Bd6 12. Nd4 Ne7 13. Qe2 O-O 14. Rae1 {[%cal Rf4e5] [#]} f6 $146 ({Predecessor:} 14... N7g6 15. Bg3 Rae8 16. Bxg6 Nxg6 17. Bxd6 Qxd6 18. Qd2 Ne5 19. Nac2 Nc4 20. Qc1 Qg6 {1-0 (57) Sanz Wawer,D (1928)-Tegi,R (1796) Warsaw 2014}) 15. Nac2 Rfe8 16. Ne3 Qb6 17. Bb1 Bc5 18. Qd2 Rad8 19. Kh1 $1 Bc8 20. Bg3 N7c6 {[%cal Rc6d4]} 21. Nb3 d4 22. Nxc5 (22. Nc4 {is interesting.} Nxc4 23. Qd3 Ne3 24. Qxh7+ Kf8 25. Qh8+) 22... Qxc5 23. cxd4 Nxd4 24. Qf2 Bd7 25. Rc1 Qb5 26. Bxe5 Qxe5 27. Nc4 Qf4 28. g3 $2 {[#] This costs White the game.} (28. Rcd1 $15 Bc6 29. Bd3) 28... Qxf3+ $1 $19 {[%mdl 512]} 29. Qxf3 Nxf3 30. Nd6 {[#]} ({Don't blunder} 30. Rxf3 $2 Bc6 $19) 30... Re2 {[%csl Gf3,LRb2,LRh2][%cal Re2h2][%mdl 64] Double Attack} 31. Rxf3 Bc6 32. Ne4 Rxe4 ({Not} 32... Bxe4 33. Bxe4 Rxe4 34. Rc2 $17) 33. Kg1 Re2 {[%csl LRb2,LRf3]} 34. Rf2 Rdd2 35. Rxe2 Rxe2 {[%mdl 4096] Endgame KRB-KRB} 36. Bd3 Rg2+ ({Much less strong is} 36... Rxb2 37. Rc2 $19) 37. Kf1 {And now Rxc6! would win.} Rxh2 {White must now prevent ...Rh1+.} 38. Rc4 (38. Rc2 $142 Rh1+ 39. Kf2) 38... Rxb2 39. a4 Ra2 40. Bc2 Ra3 41. g4 g6 42. Kf2 Kf7 43. Rb4 (43. Bd1 $142) 43... Ra2 44. Rc4 {[#]} Bxa4 $1 {[%mdl 64] Deflection} 45. Rxa4 Rxc2+ {KR-KR} 46. Kf3 h5 47. gxh5 gxh5 48. Rd4 Kg6 49. Rd6 Rb2 50. Rd8 a5 51. Rg8+ Kf5 52. Rh8 Rb3+ 53. Kf2 Kg5 54. Rg8+ Kf4 55. Rh8 Rb2+ 56. Kg1 Kg4 (56... a4 $142 57. Ra8 b5 58. Rf8 a3 59. Rxf6+ Ke4 60. Rf8 a2 61. Re8+ Kf3 62. Rf8+ Ke4 63. Re8+ Kd5 64. Rd8+ Kc6 65. Ra8 Kb7 66. Ra3 Rc2 67. Kf1 b4 68. Ra4 b3 69. Rb4+ Kc6 70. Ra4 b2 71. Rc4+ Rxc4 72. Kf2 b1=Q 73. Kf3 a1=Q 74. Kg3 Qg1+ 75. Kh3 Qaf1#) 57. Rg8+ Kf3 58. Rf8 Rb6 59. Ra8 Ra6 {Black mates.} 60. Rb8 a4 {[%cal Ba5a4,Ba4a3,Ba3a2][%mdl 32]} 61. Rxb7 a3 62. Rb1 a2 63. Ra1 Ke2 {Weighted Error Value: White=0.45/Black=0.08} 0-1

[Event "76th ARM-ch Women 2021"]
[Site "Yerevan"]
[Date "2021.02.19"]
[Round "4.4"]
[White "Grigoryan, Arpine"]
[Black "Gaboyan, Susanna"]
[Result "0-1"]
[WhiteElo "2091"]
[BlackElo "2211"]
[Annotator "TA"]
[PlyCount "76"]
[EventDate "2021.02.16"]
[EventType "tourn"]
[EventCountry "ARM"]
[SourceTitle "playchess.com"]
[Source "ChessBase"]
[SourceQuality "1"]

{[%evp 9,76,41,58,66,76,49,93,68,71,72,150,149,116,67,105,102,108,75,86,74,90,89,121,100,112,118,135,33,33,34,37,8,69,-14,-14,-12,0,-206,-200,-688,-671,-642,-643,-1674,-429,-819,-827,-756,-816,-791,-782,-733,-789,-779,-758,-1224,-1221,-1206,-1196,-6885,-6845,-29977,-29978,-5783,-5243,-29986,-4790,-29987,-29988]} 1. e4 c5 2. Nf3 Nf6 3. Nc3 Nc6 4. Bb5 d6 5. e5 Ng4 6. exd6 {B30: Sicilian: 2...Nc6 3 Bb5, lines without ...g6.} Qxd6 7. Ne4 Qd5 8. Qe2 {White is better.} Nf6 {[#]} 9. d3 $146 ({Predecessor:} 9. Neg5 e6 10. c4 Qf5 11. Bxc6+ bxc6 12. d3 h6 13. Ne4 Nd7 14. Bd2 e5 15. Bc3 {1-0 (37) Totsky,L (2410)-Golovin,L (2415) Kstovo 1994}) 9... e6 (9... a6 $142 10. c4 Qe6) 10. c4 $16 Qd8 11. Nxf6+ (11. Ne5 {is interesting.} Nd7 12. Bxc6 bxc6 13. Nxd7 Bxd7 14. O-O) 11... gxf6 12. Bxc6+ bxc6 13. Nd2 Be7 14. f4 Rg8 15. O-O e5 16. Qf3 Bg4 17. Qxc6+ Kf8 18. Qe4 (18. fxe5 $16 Rc8 19. Qe4) 18... f5 $14 {[%cal Rf5e4]} 19. Qxe5 Qxd3 20. Qd5 Qe3+ (20... Rd8 $11 21. Qxd3 Rxd3) 21. Kh1 (21. Rf2 $1 $14 Rd8 22. Qe5) 21... Rd8 $11 22. Qe5 Qd3 23. Qe1 $2 {[#] Black continues to play with concentration.} (23. b3 $11 {and White is okay.}) 23... Bf6 $1 $19 24. Nf3 $2 (24. a4) 24... Bxf3 25. Rxf3 {[#]} Qc2 {[%csl Gg8][%cal Rc2g2][%mdl 64] Double Attack} 26. Bd2 Qxd2 (26... Rxd2 $142 27. Qxd2 Qxd2) 27. Qf1 (27. Rf2 $142 Qd6 28. Qf1) 27... Qxb2 28. Rb1 Qxa2 29. Rf2 Rd2 30. Rxd2 Qxd2 31. Qf3 Kg7 32. h3 a5 33. Rd1 Qc2 34. Rd5 Bd4 {( -> ...Qc1+)} 35. Kh2 Kh8 36. Qf1 Qc3 37. Rxf5 Qg3+ 38. Kh1 Re8 {Weighted Error Value: White=1.22/Black=0.26} 0-1

[Event "76th ARM-ch Women 2021"]
[Site "Yerevan"]
[Date "2021.02.19"]
[Round "4.5"]
[White "Avetisyan, Mariam"]
[Black "Khachatryan, Anna"]
[Result "1-0"]
[WhiteElo "2092"]
[BlackElo "2086"]
[Annotator "TA"]
[PlyCount "75"]
[EventDate "2021.02.16"]
[EventType "tourn"]
[EventCountry "ARM"]
[SourceTitle "playchess.com"]
[Source "ChessBase"]
[SourceQuality "1"]

{[%evp 17,75,46,45,46,53,47,52,41,44,48,79,62,78,101,131,77,76,66,79,59,70,50,70,51,62,54,50,50,71,59,70,81,82,85,91,87,113,108,148,129,145,108,216,206,208,97,323,258,295,296,437,357,927,927,29981,29981,29985,29985,29985,29986]} 1. d4 Nf6 2. Nf3 d5 3. c4 e6 4. Nc3 Bb4 5. Bg5 h6 6. Bxf6 Qxf6 7. Qb3 Nc6 8. e3 dxc4 {8...dxc4 is better than 8...0-0.} 9. Bxc4 O-O 10. O-O {D38: Queen's Gambit Declined: Ragozin Defence (4 Nf3 Bb4).} Bd6 11. Bb5 Bd7 12. Rfd1 {White is slightly better.} a6 {[#] And now ...Na5 would win.} 13. Be2 {[#]} b5 $146 ({Predecessor:} 13... Rab8 14. Rac1 Rfc8 15. Ne4 Qe7 16. Nc5 Be8 17. Qc3 e5 18. dxe5 Nxe5 19. Nd4 Bxc5 20. Qxc5 {½-½ (37) Akopian,V (2605)-Serper,G (2540) Manila 1992}) 14. Ne4 Qd8 15. Rac1 Ne7 16. Nc5 (16. Ne5 $142) 16... Bc6 $16 17. Qd3 Qc8 18. Nd2 Rd8 19. f4 Nd5 20. Bf3 (20. Re1 {with more complications.} a5 21. a3 b4 22. Nf3 bxa3 23. bxa3 Rb8 24. Qd2) 20... Nb4 21. Qb3 Bxf3 22. Nxf3 Nd5 23. g3 Nb6 24. Ne5 Bxe5 25. fxe5 Ra7 26. Qd3 Nc4 27. Qe2 Qa8 28. b3 Nb6 29. Rf1 $36 {[%mdl 2048] Black is under strong pressure.} Nd5 (29... Rf8 $16 {was worth a try.} 30. Rf2 Qe8) 30. Rf3 $18 c6 31. Ne4 (31. Rcf1 $18 {and White stays clearly on top.}) 31... Nc7 $2 {[#] Black cannot hold the game after this.} (31... a5 $16 {was necessary.}) 32. Qg2 Ne8 33. g4 a5 (33... c5 {keeps fighting.}) 34. Rcf1 g6 $2 (34... c5) 35. Qh3 Kg7 36. Qh4 {White mates.} Rdd7 37. Rh3 Kf8 38. Qxh6+ {Weighted Error Value: White=0.17/Black=0.51} 1-0

[Event "76th ARM-ch Women 2021"]
[Site "Yerevan"]
[Date "2021.02.20"]
[Round "5.1"]
[White "Khachatryan, Anna"]
[Black "Grigoryan, Arpine"]
[Result "1-0"]
[WhiteElo "2086"]
[BlackElo "2091"]
[Annotator "TA"]
[PlyCount "81"]
[EventDate "2021.02.16"]
[EventType "tourn"]
[EventCountry "ARM"]
[SourceTitle "playchess.com"]
[Source "ChessBase"]
[SourceQuality "1"]

{[%evp 19,81,16,16,18,22,20,38,22,20,0,0,0,97,90,70,94,154,106,112,86,81,50,87,81,125,115,115,106,169,180,170,141,202,162,213,213,237,0,200,203,202,203,204,199,200,196,185,132,218,173,274,273,263,275,307,304,375,376,378,373,354,341,600,702]} 1. c4 e6 2. Nf3 Nf6 3. g3 b6 4. Bg2 Bb7 5. O-O Be7 6. d4 O-O 7. Re1 d5 8. cxd5 exd5 9. Nc3 Ne4 10. Bf4 Nd7 11. Rc1 {E17: Queen's Indian: 4 g3 Bb7 5 Bg2 Be7.} Nxc3 12. bxc3 {[#]} b5 $146 ({Predecessor:} 12... Re8 13. Qb3 c5 14. Nd2 Nf8 15. dxc5 Bxc5 16. Nf1 Ne6 17. Rcd1 Qf6 18. Be3 d4 19. cxd4 Bxg2 20. dxc5 Bxf1 21. cxb6 {½-½ (44) Socko,B (2627)-Vovk,Y (2579) Katowice 2019}) 13. Rb1 {White is slightly better.} a6 14. Nd2 Nb6 (14... g5 $5 15. Be3 $8 Nb6 $11) 15. c4 bxc4 {[#]} (15... g5 $11 16. Be3 Bc6) 16. Nxc4 $1 $16 Nxc4 (16... dxc4 17. Bxb7) 17. Rxb7 Nd6 (17... Rc8 $142) 18. Rb1 {[%cal Bb7b1,Bb1c1,Bc1c5][%mdl 32]} (18. Bxd5 $6 Nxb7 19. Bxb7 Rb8 $11) 18... c6 19. Qa4 Nb5 20. Bd2 Qd7 21. e3 Na3 22. Rbc1 Nb5 23. Bb4 Rfc8 (23... Bxb4 $16 24. Qxb4 Rab8) 24. Bxe7 $18 Qxe7 25. Rc5 Qb7 (25... Qd7 $16 26. Rec1 g6) 26. Rec1 Na7 (26... Qd7 {is a better defense.} 27. Qc2 Na3) 27. Bf1 Nb5 28. Bg2 Na7 $1 29. Qc2 Rab8 30. Bf1 Qb6 31. Bd3 g6 32. Qa4 Nb5 33. Rb1 ({White should try} 33. Qb4 $18) 33... Qb7 (33... Qd8 $16 34. Kg2 (34. Qxa6 Ra8 $16) 34... Qd7) 34. Qa5 Qa8 (34... Qd7 $142 35. a4 (35. Qxa6 Ra8 $16) 35... Nc7) 35. a4 Nd6 {[#] Hoping for ...Rxb1+.} 36. Rxb8 Qxb8 37. Qxa6 Qb4 38. Rxc6 Rxc6 39. Qxc6 {aiming for a5.} Nc4 {and the idea ...Qe1+ leaves Black hopeful.} 40. Qb5 ({Don't play} 40. Qxd5 Qe1+ 41. Bf1 Nd2 $18) 40... Qd2 (40... Qxb5 41. axb5 Nb6) 41. Bxc4 {Weighted Error Value: White=0.21/Black=0.32} 1-0

[Event "76th ARM-ch Women 2021"]
[Site "Yerevan"]
[Date "2021.02.20"]
[Round "5.2"]
[White "Arakelyan, Nare"]
[Black "Avetisyan, Mariam"]
[Result "1-0"]
[WhiteElo "1953"]
[BlackElo "2092"]
[Annotator "TA"]
[PlyCount "71"]
[EventDate "2021.02.16"]
[EventType "tourn"]
[EventCountry "ARM"]
[SourceTitle "playchess.com"]
[Source "ChessBase"]
[SourceQuality "1"]

{[%evp 20,71,23,18,34,28,54,20,20,21,16,0,29,25,35,30,26,31,50,51,87,51,137,85,150,115,153,154,124,164,162,103,367,350,352,232,218,212,362,341,570,260,621,664,1698,1588,1659,1525,29986,29987,29988,29989,29997,29998]} 1. e4 e6 2. d4 d5 3. Bd3 c5 4. exd5 exd5 5. c3 cxd4 6. cxd4 Nf6 7. Nf3 Be7 8. h3 Nc6 9. Nc3 O-O 10. O-O Be6 11. Be3 Nd7 {B14: Caro-Kann: Panov-Botvinnik Attack with 5...e6 and 5...g6.} 12. Rc1 {[#]} Bf6 $146 ({Predecessor:} 12... Re8 13. Ne2 Bf6 14. Nf4 g6 15. Nxe6 Rxe6 16. Qb3 Nb6 17. Rc5 Qe7 18. Rc3 Rd8 19. Bb5 {½-½ (38) Duschek,V (2321)-Schwalfenberg,J (2360) Germany 2002}) 13. Bb1 Rc8 {The position is equal.} 14. Na4 g6 15. Qd2 Qa5 16. Nc3 {[%cal Ba4c3,Bc3e2,Be2f4][%mdl 32]} Qb6 17. Ne2 Qa5 18. Rc3 Be7 19. a3 Qd8 20. Bg5 f6 {[#]} ({Black should play} 20... Bxg5 $14 21. Nxg5 Re8) 21. Bh6 ({Better is} 21. Nf4 $1 Bf7 22. Bh6) 21... Re8 $16 22. Nf4 Bf7 {[#]} 23. Nh4 $1 Nf8 {[#]} 24. Rg3 $1 {[%cal Rb1g6] Strongly threatening Bxg6!} Bd6 25. Bxf8 Bxf4 {[%mdl 8192] Black cannot hold the game after this.} ({Wrong is} 25... Kxf8 $2 26. Nhxg6+ hxg6 27. Nxg6+ Bxg6 28. Rxg6 $18 (28. Qh6+ Ke7 $16)) (25... Bxf8 $16 26. Nhxg6 Bxg6) 26. Qxf4 $18 Rxf8 27. Qh6 {White wants to mate with Nf5.} Ne7 ({Don't blunder} 27... Nxd4 $2 28. Nxg6 Ne2+ 29. Kh2 $18) 28. Re1 {And now Rxe7! would win.} Qc7 (28... Rc7 {was worth a try.} 29. Rxe7 Rxe7) 29. Kh2 Rfe8 (29... Be8 30. Rxe7 Qxe7) 30. Bd3 $40 {[%mdl 128] White is out for blood.} (30. f4 $142) 30... a6 $2 (30... f5 31. Re5 Kh8 32. Nxf5 Nxf5 33. Rxf5 (33. Bxf5 Rxe5 34. dxe5 Rg8 $16) 33... Rg8) 31. f4 Qd7 32. f5 {[%cal Rh4g6] White threatens Nxg6! and mate.} Qc7 33. fxg6 hxg6 34. Nxg6 {White mates.} Nxg6 35. Bxg6 Bxg6 36. Qxg6+ {[%mdl 64] Double Attack.  Weighted Error Value: White=0.25/Black=0.75} 1-0

[Event "76th ARM-ch Women 2021"]
[Site "Yerevan"]
[Date "2021.02.20"]
[Round "5.3"]
[White "Gaboyan, Susanna"]
[Black "Gevorgyan, Maria"]
[Result "1/2-1/2"]
[WhiteElo "2211"]
[BlackElo "2228"]
[Annotator "TA"]
[PlyCount "146"]
[EventDate "2021.02.16"]
[EventType "tourn"]
[EventCountry "ARM"]
[SourceTitle "playchess.com"]
[Source "ChessBase"]
[SourceQuality "1"]

{[%evp 19,146,47,66,39,51,25,26,27,14,0,12,0,29,38,35,36,29,28,36,10,10,16,17,26,18,18,13,12,4,0,0,0,0,6,12,0,15,8,0,-85,-85,-85,-85,-85,-85,-85,-73,-76,-26,-25,-9,-12,-9,-9,0,0,0,0,0,0,0,0,0,0,0,0,0,0,0,0,0,0,0,0,0,0,0,-64,-71,-65,-57,-75,-51,-52,-52,-83,0,0,0,0,0,0,925,895,693,0,0,0,0,0,0,0,0,0,0,0,0,0,0,0,0,0,0,0,0,0,0,0,0,0,0,0,0,0,0,0,0,0,0]} 1. d4 Nf6 2. Nf3 g6 3. Nc3 Bg7 4. e4 d6 5. Be2 Bg4 6. O-O O-O 7. Be3 c6 8. a4 Nbd7 9. h3 Bxf3 10. Bxf3 e5 11. dxe5 {B08: Pirc Defence: Classical System.} dxe5 12. Qd6 Re8 13. Qb4 {White has an edge.} Qc7 {[#]} 14. Rfd1 $146 ({Predecessor:} 14. Qc4 Rec8 15. Rfd1 Nb6 16. Qb3 Rd8 17. a5 Rxd1+ 18. Bxd1 Nbd7 19. Be2 Bf8 20. f3 {1-0 (57) Van den Heuvel,T (1962)-McInnes,N The Hague 2004}) 14... Nf8 15. Qd6 Qc8 16. Be2 Ne6 17. Bc4 Nd4 18. Bxd4 exd4 19. Rxd4 {next e5 is good for White.} (19. Qxd4 {feels hotter.} Nxe4 20. Qd7 Ng5 21. Qxc8 Raxc8 22. Rd7) 19... Nd5 20. Nxd5 cxd5 21. Qxd5 Bxd4 22. Qxd4 Qc6 23. Qd5 Qc7 24. Bd3 Rad8 25. Qg5 Kg7 26. g3 Re5 27. Qf4 Rde8 28. Kh2 Qb6 29. Ra3 (29. b3 $11 {keeps the balance.}) 29... Qxb2 $17 30. Rb3 Qd4 31. Rxb7 R8e7 32. Rxe7 Rxe7 {[%mdl 4096] Endgame KQR-KQB} 33. a5 Re6 {[%mdl 1024] And now ...Rf6 would win. Black has strong compensation.} (33... a6 $5) 34. Kg2 a6 35. Qc7 Rf6 36. f4 Re6 37. h4 Qb4 38. e5 Re7 39. Qb6 Qd2+ 40. Kf3 {Black must now prevent Qf6+.} Re6 41. Qc7 Qh2 42. Qd7 Qd2 43. Qc7 h6 44. Qd8 Qc3 45. Kf2 Rc6 46. Ke2 Qc5 47. Kf3 Qg1 48. Qd7 (48. c4 $11) 48... Qd1+ $15 49. Ke3 Rxc2 50. e6 {[#]} Qc1+ $1 51. Kf3 Rc7 $1 {[%cal Rc7d7]} 52. Qd4+ {[#]} Kh7 ({Black should try} 52... f6 $1 $17 {Strongly threatening ...Qd1+.} 53. Qb6 Qc6+ 54. Qxc6 Rxc6) 53. exf7 $11 Qc6+ 54. Kf2 Rxf7 55. h5 Rc7 $2 {[%mdl 8192]} (55... Qf6 $11 56. Bxg6+ (56. hxg6+ Kg7 $11) 56... Kg7) 56. hxg6+ $18 Kg8 57. Be4 $2 (57. Bb1 $18 Kf8 58. f5) 57... Rd7 $1 $11 {[%cal Rd7d4] The position is equal.} 58. Qe5 (58. Qe3 {looks sharper.} Qd6 59. Qb3+ Kg7 60. Kg2 Qd1 61. Qb2+) 58... Qd6 59. Qxd6 Rxd6 {KR-KB} 60. Ke3 Kg7 61. f5 Kf6 62. g4 Rd1 {...Ra1 is the strong threat.} 63. Bd3 Re1+ 64. Kf3 Ra1 65. Bxa6 Ra3+ 66. Kf4 Ra4+ 67. Kf3 Rxa5 68. Bd3 Ra3 69. Ke4 Ra7 70. Kf4 Rc7 71. Be2 Rc3 72. Bf3 Rc4+ 73. Kg3 Rc3 {Weighted Error Value: White=0.19/Black=0.05} 1/2-1/2